| 000 | 01398cam a22002054a 4500 | ||
|---|---|---|---|
| 005 | 20250605164146.0 | ||
| 008 | 250528s ||||||||||||||||||||||||d | ||
| 035 | _a19183 | ||
| 020 | _a415124506 | ||
| 040 |
_aGR-AtMCL _bgre _dGR-AtMCL _eAACR2 |
||
| 245 | 1 | _aCurrent Issues in Business Ethics | |
| 250 | _a1st | ||
| 260 |
_bRouledge, _c1997 |
||
| 300 | _a206 | ||
| 520 | _aA comprehensive and structured overview of this rapidly changing area. List of Contributors, Acknowledgements, Introduction, Macro Issues: The Role and Legitimacy of Business Activity, Business Philosophy: Searching for an Authentic Role, Whose Business is it Anyway? The Question of Sustainability, Corporate Governance and Ethics, Business and Its Social Responsibility, The Business Organization: A Locus for Meaning and Moral Guidance, The Psychological Contract: Enacting Ethic-Power, Acting Professionally: Something that Business Organizations and Individuals Both Desire?, Codes of Ethics: Some Uses and Abuses, Whistleblowing and Its Alternatives, Some Current Trends and Their Impact on Business Ethics, Business Ethics and the Activities of Multinationals, Business Ethics and the Changing Gender Balance, Privatized Ethics: The Case of the Regulated Utilities, Trade Unions and Ethics: Unions as Agents, Index. | ||
| 700 | 1 |
_aDavies Peter W. F _95428 |
|
| 942 | _cBK | ||
| 999 |
_c4456 _d4456 |
||